| 000 | 01153nam a22002657a 4500 | ||
|---|---|---|---|
| 999 |
_c16507 _d16507 |
||
| 003 | AR-CdUCM | ||
| 008 | 190503b ||||| |||| 00| 0 spa d | ||
| 040 |
_aMUNICIPALIDAD PROVINCIAL DEL CUSCO _cBIBLIOTECA MUNICIPAL DEL CUSCO |
||
| 082 |
_a909 / _bG64 |
||
| 100 |
_aGoetz, Walter _926158 |
||
| 245 |
_aHélade y Roma : _bel origen del cristianismo / |
||
| 260 |
_aMadrid : _bEspasa - Calpe, _c1933. |
||
| 300 |
_a737 páginas ; _bIlustraciones, _c26 cm. |
||
| 440 |
_aHistoria universal ; _n2 _935985 |
||
| 505 | _aContenido: t.2. Importancia histórica de la antigüedad / Walter Goetz -- Historia de Grecia / Carlos Julio Beloch -- El helinismo y Roma / Gaetano de Sanctis -- La época imperial romana / Ernesto Hohl -- El origen del cristianismo / Hans, Barón de Soden -- Tablas cronológicas. | ||
| 650 |
_aCivilización greco-romana _935986 |
||
| 650 |
_aHistoria _9136 |
||
| 650 |
_aIglesia Católica _93151 |
||
| 650 |
_aÉpoca antigua _93152 |
||
| 700 |
_aBeloch, Carlos Julio _935987 |
||
| 700 |
_aSanctis, Gaetano de _935988 |
||
| 700 |
_aGarcía Morente, Manuel (traductor) _935989 |
||
| 942 |
_2ddc _cLIBROS |
||
| 945 |
_aacv _d2019-05-03 |
||